000 00225nam a22001097a 4500
003 OSt
008 231116b |||||||| |||| 00| 0 eng d
041 _amal
100 _aVayalar Ramavarma
_95687
245 _aAysha
942 _cBK
999 _c17965
_d17965